00472nam a2200109Ia 4500008004100000100002900041245018000070260001600250300001200266650001600278856006800294160712s9999 xx 000 0 und d aSales, Angelus Maria P.  cAngelus Maria P. SalesaBuilding in the Past: A Preliminary Analysis of the Construction Materials and Methods Used in Structure A in Barangay Pinagbayanan, San Juan, Batangas c2013bHukay avol. 18 xARCHAEOLOGY uhttp://journals.upd.edu.ph/index.php/asp/issue/view/408/showToc